<?xml version="1.0" encoding="UTF-8"?>
<record
    xmlns:xsi="http://www.w3.org/2001/XMLSchema-instance"
    xsi:schemaLocation="http://www.loc.gov/MARC21/slim http://www.loc.gov/standards/marcxml/schema/MARC21slim.xsd"
    xmlns="http://www.loc.gov/MARC21/slim">

  <leader>01521nam a22002297a 4500</leader>
  <datafield tag="999" ind1=" " ind2=" ">
    <subfield code="c">22015</subfield>
    <subfield code="d">22015</subfield>
  </datafield>
  <controlfield tag="003">AR-CdUCM</controlfield>
  <controlfield tag="008">190425b           ||||| |||| 00| 0 spa d</controlfield>
  <datafield tag="040" ind1=" " ind2=" ">
    <subfield code="a">MUNICIPALIDAD PROVINCIAL DEL CUSCO</subfield>
    <subfield code="c">BIBLIOTECA MUNICIPAL DEL CUSCO</subfield>
  </datafield>
  <datafield tag="082" ind1=" " ind2=" ">
    <subfield code="a">Cuzcoactual/N&#xB0;2/1953</subfield>
  </datafield>
  <datafield tag="245" ind1=" " ind2=" ">
    <subfield code="a">Cuzco actual /</subfield>
  </datafield>
  <datafield tag="260" ind1=" " ind2=" ">
    <subfield code="a">Cusco.</subfield>
    <subfield code="b">Noticias e informaciones,</subfield>
    <subfield code="b">Futuro,</subfield>
    <subfield code="c">1953.</subfield>
  </datafield>
  <datafield tag="300" ind1=" " ind2=" ">
    <subfield code="a">32 p&#xE1;ginas. :</subfield>
    <subfield code="c">16 cm.</subfield>
  </datafield>
  <datafield tag="440" ind1=" " ind2=" ">
    <subfield code="a">Cuzco Actual.</subfield>
    <subfield code="n">N&#xB0;2,1953</subfield>
    <subfield code="9">47165</subfield>
  </datafield>
  <datafield tag="505" ind1=" " ind2=" ">
    <subfield code="a">Contenido: Paseando con los turistas la ciudadan&#xED;a se pronuncia por la deconstrucci&#xF3;n del Cuzco. -- La refinada, estampas las manos feas, teatro infantil, d&#xED;a del trabajo, pildoritas Ross. -- La danza de las horas cuzque&#xF1;as, los empleados del Cuzco y su problema en los pizarrines municipales, el sentido de las cosas. -- Piedra blanca sobre un piedra negra. -- El sentido de lo justo. -- Por los pasillos judiciales. -- El drenaje de la pampa de Anta. -- La reconstrucciones del Cuzco. -- Provincias que progresan. -- Mujeres que trabajan. -- Iniciativas que se congelan. -- Quien estudia triunfa. -- Martirio de un sacerdote.-- Malos vientos para los diarios del Cuzco. -- Colonias penales para los vagos. -- Votaci&#xF3;n acertada. -- Los barredores, reflejo de las gentes. -- La Universidad del Cuzco. -- Extensi&#xF3;n cultural.</subfield>
  </datafield>
  <datafield tag="650" ind1=" " ind2=" ">
    <subfield code="a">Historias del Cusco</subfield>
    <subfield code="9">47166</subfield>
  </datafield>
  <datafield tag="650" ind1=" " ind2=" ">
    <subfield code="a">Diarios del Cusco</subfield>
    <subfield code="9">47168</subfield>
  </datafield>
  <datafield tag="700" ind1=" " ind2=" ">
    <subfield code="a">Kaido, Ali</subfield>
    <subfield code="9">47170</subfield>
  </datafield>
  <datafield tag="700" ind1=" " ind2=" ">
    <subfield code="a">Vallejo, Cesar</subfield>
    <subfield code="9">47171</subfield>
  </datafield>
  <datafield tag="700" ind1=" " ind2=" ">
    <subfield code="a">Ramos Perea, Abel</subfield>
    <subfield code="9">13681</subfield>
  </datafield>
  <datafield tag="942" ind1=" " ind2=" ">
    <subfield code="2">ddc</subfield>
    <subfield code="c">PP</subfield>
  </datafield>
  <datafield tag="945" ind1=" " ind2=" ">
    <subfield code="a">vhl</subfield>
  </datafield>
  <datafield tag="952" ind1=" " ind2=" ">
    <subfield code="0">0</subfield>
    <subfield code="2">ddc</subfield>
    <subfield code="4">0</subfield>
    <subfield code="7">0</subfield>
    <subfield code="a">HEM</subfield>
    <subfield code="b">HEM</subfield>
    <subfield code="c">CART</subfield>
    <subfield code="d">2022-02-10</subfield>
    <subfield code="g">10.00</subfield>
    <subfield code="o">Cuzcoactual/N&#xB0;2/1953</subfield>
    <subfield code="p">REVC000584</subfield>
    <subfield code="r">2022-02-10</subfield>
    <subfield code="y">PP</subfield>
  </datafield>
  <datafield tag="952" ind1=" " ind2=" ">
    <subfield code="0">0</subfield>
    <subfield code="2">ddc</subfield>
    <subfield code="4">0</subfield>
    <subfield code="7">0</subfield>
    <subfield code="a">HEM</subfield>
    <subfield code="b">HEM</subfield>
    <subfield code="c">CART</subfield>
    <subfield code="d">2022-02-10</subfield>
    <subfield code="g">10.00</subfield>
    <subfield code="o">Cuzcoactual/N&#xB0;2/1953/e.2</subfield>
    <subfield code="p">REVC000585</subfield>
    <subfield code="r">2022-02-10</subfield>
    <subfield code="y">PP</subfield>
  </datafield>
</record>
